000 00260nam a2200121 a 4500
005 20141022142004.0
008 080916s19uu xx 00 eng d
050 _aVCD
_bB43 1995
245 _aBen-hur.
650 _aVCD.
650 _aBen-hur.
942 _cAVM
999 _c276431
_d276431